Community forestry management,ការគ្រប់គ្រងសហគមន៍ព្រៃឈើ (Record no. 9340)

000 -LEADER
fixed length control field 00333nam a22001217a 4500
040 ## - CATALOGING SOURCE
Transcribing agency SY
082 ## - DEWEY DECIMAL CLASSIFICATION NUMBER
Classification number 614
100 ## - MAIN ENTRY--AUTHOR NAME
Personal name VON MONIN; វន មុនិន
245 ## - TITLE STATEMENT
Title Community forestry management,ការគ្រប់គ្រងសហគមន៍ព្រៃឈើ
260 ## - PUBLICATION, DISTRIBUTION, ETC. (IMPRINT)
Place of publication RUA
Name of publisher VON
Year of publication 2007
300 ## - PHYSICAL DESCRIPTION
Number of Pages 93p.
942 ## - ADDED ENTRY ELEMENTS (KOHA)
Koha item type សៀវភៅភាសាខ្មែរ
952 ## - LOCATION AND ITEM INFORMATION (KOHA)
Withdrawn status [LOCAL, KOHA] 0
Holdings
Permanent Location Date acquired Koha item type Lost status Shelving location Barcode Current Location Full call number
Library Block B2016-08-31សៀវភៅភាសាខ្មែរ C250RUA043030Library Block B614 VON 2007 C250
មជ្ឈមណ្ឌលឯការនៃសាកលវិទ្យាល័យភូមិន្ទកសិកម្មចំការដូង

Powered by Koha